Statistiche per Città e Regioni - Quiz n°23

Clicka qui per fare il quiz!

Statistiche generali

  • Questo quiz è stato fatto 28 volte
  • Il punteggio medio è 7 su 10

Statistiche sulle risposte

HintRisposta% Corretto
AvellinoCampania
95%
CerviaEmilia-Romagna
95%
CogneValle d'Aosta
75%
LocriCalabria
70%
Porto Sant'ElpidioMarche
70%
DomodossolaPiemonte
65%
SaronnoLombardia
60%
SchioVeneto
60%
Desenzano del GardaLombardia
55%
OsimoMarche
50%

Distribuzione punteggi

Percentile per numero di risposta

Percentuale di utenti per punteggio

I tuoi punteggi nel tempo

Non hai fatto questo quiz